Social representations: explorations in social psychology

Uloženo v:
Podrobná bibliografie
Hlavní autor: Moscovici, Serge (Autor)
Médium: Kniha
Jazyk:angličtina
Vydáno: Nueva York New York University 2001
Vydání:1a. ed
Témata:
Tagy: Přidat tag
Žádné tagy, Buďte první, kdo vytvoří štítek k tomuto záznamu!

MARC

LEADER 00000nam a2200000 a 4500
001 UCK4492
003 CL-VaPUC
008 050610e20010000US |||||||||||||||||eng|d
020 |a 0814756301 
082 0 4 |a 302  |b MOS  |2 21 
100 0 |a Moscovici, Serge  |e author  |9 492998 
245 1 0 |a Social representations: explorations in social psychology 
250 |a 1a. ed 
300 |a 313 p 
942 |c BK 
945 |d 20050610 00:00:00  |a cmena 
260 |a Nueva York  |b New York University  |c 2001 
650 0 |a Psicología social   |9 222894 
650 7 |a CONCIENCIA SOCIAL  |2 CL-VaPUC  |9 394690 
650 0 |a Actitud  |9 258129 
650 0 |a Comportamiento social  |9 334200 
583 |a last modification  |c 20050610 00:00:00  |k Rodrigo Vera 
999 |c 313325  |d 313323 
952 |0 0  |1 0  |4 0  |6 302_000000000000000_MOS_2001  |7 0  |8 A  |9 384599  |a FDOPOS  |b BIBEDU  |d 2019-11-22  |i 4137493  |l 1  |o 302 MOS 2001  |p 4137493  |r 2025-05-05  |s 2025-04-07  |w 2019-11-22  |y BK  |k MLA